Tragedi pengusiran umat islam dari bumi Al-Andalus

Main Author: Syed Mahadzir Syed Ibrahim, 1961- (Author)
Published: Petaling Jaya, Selangor: Hijjaz Records Publishing, 2023
Subjects:
LEADER 01124cam a2200277 7i4500
001 0000156298
005 20250312090000.0
008 250312s2023 my a ### #00001may##
020 # # |a 9789672278788  
040 # # |a UMT   |b eng   |c UMT   |d PNM   |e rda 
090 0 # |a DP 302 .A467   |b S9 2023 
100 0 # |a Syed Mahadzir Syed Ibrahim,   |d 1961-   |e author  
245 1 0 |a Tragedi pengusiran umat islam dari bumi Al-Andalus   |c Syed Mahadzir Syed Ibrahim. 
264 # 1 |a Petaling Jaya, Selangor:   |b Hijjaz Records Publishing,   |c 2023 
300 # # |a viii, 256 pages:   |b colour illustrations, colour photographs;   |c 21 cm 
336 # # |a text --   |2 rdacontent 
337 # # |a unmediated --   |2 rdamedia 
338 # # |a volume --   |2 rdacarrier 
590 # # |a Perpustakaan Sultanah Nur Zahirah 
591 # # |a Pameran Buku Ilmiah 2024 
650 # 0 |a Islamic stories, Malay  
650 # 0 |a Islam --   |x History --   |z Spain --   |z Andalusia  
650 # 0 |a Muslims --   |x History --   |z Andalusia (Spain)  
651 # 0 |a Andalusia (Spain) --   |x Civilization --   |x Islamic influences  
651 # 0 |a Andalusia (Spain) --   |x History  
999 |a 1100117231  |b Book  |c Open Shelf  |e KOLEKSI TERBUKA